A destruição do espírito americano (Record no. 1976)

MARC details
000 -Etiqueta do registo
Valores 00909nam a2200277 4500
010 ## - Número ISBN
ISBN 9789897029363
021 ## - Número do Depósito Legal
Código do país Portugal
Número 512081/23
100 ## - Dados gerais de processamento
Dados gerais 20251118d2023 m||y0pory50030103ba
101 ## - Língua de publicação
Língua Português
102 ## - País de publicação
País Portugal
200 ## - Titulo e menção de responsabilidade
Título próprio A destruição do espírito americano
Informação de outro título ou como o ensino superior defraudou a democracia e empobreceu os espíritos dos alunos de hoje
Primeira menção de responsabilidade Allan Bloom
Outras menções de responsabilidade trad. Maria José Batista
205 ## - Menção da edição
Edição 1ª edição
210 ## - Publicação
Local de publicação Lisboa
Nome do editor Guerra & Paz
Data de publicação 2023
215 ## - Descrição física 
Paginação / Volumes 508, [4] p.
Dimensões 23 cm
225 ## - Colecção 
Título próprio da colecção Os livros não se rendem
300 ## - Notas gerais 
Texto da nota BMB-Registado
304 ## - Nota relativa ao título
Texto de nota Tít. orig.: The closing of the american mind
606 ## - Nome comum usado como assunto
ID Autoridade 2845
Palavra de ordem Ensino Superior
606 ## - Nome comum usado como assunto
ID Autoridade 2846
Palavra de ordem Sistemas Educativos
675 ## - CDU
Notação 378
Edição BMB
Língua por
700 ## - Autor principal (pessoa individual)
Apelido Bloom
Nome Allan
Datas 1920-1992
ID Autoridade 2847
702 ## - Autor secundário (pessoa individual)
Apelido Batista
Nome Maria José
Datas 1983-
Função Tradutor
ID Autoridade 2843
801 ## - Fonte de origem
País PT
Agência BMB
Regras de catalogação RPC
990 ## - Elementos KOHA
Tipo de documento Livro
Holdings
Situação do levantamento Estado Número Biblioteca de origem Código de barras Cota Permissão de empréstimo Tipo de documento Forma de aquisição
    1 Biblioteca Municipal de Borba 1925 378 BLO / DES   Livro Oferta
Biblioteca Municipal de Borba

Powered by Koha